| 000 | 01345nam a2200373 a 4500 | ||
|---|---|---|---|
| 001 | 000028819 | ||
| 003 | DO-SdBNP | ||
| 005 | 20221026083456.0 | ||
| 007 | 000028819 | ||
| 008 | 110412s1996 dr 000 0 spa d | ||
| 020 | _a8492184531 | ||
| 040 |
_aBPMSU _bspa _cBPMSU |
||
| 082 | 4 |
_a379.7293 _bV715e 1996 _222 |
|
| 092 |
_a _b |
||
| 100 | 1 | _aVillamán, Marcos | |
| 245 | 1 | 0 |
_aEducación, democracia, ciudadanización y construcción de identidades nacionales / _cMarcos Villamán, Raymundo González ; presentación Rocío Hernández Mella. |
| 260 |
_aSanto Domingo : _bPREAL : _bFLACSO, _c1996. |
||
| 300 |
_a54 p. ; _c28 cm. |
||
| 650 |
_aEducación _zCaribe (Región, República Dominicana) |
||
| 650 | 4 |
_aEducación y Estado _z América Latina |
|
| 650 | 4 |
_aPolítica educativa _zAmérica Latina |
|
| 650 | 4 |
_aDemocracia _zCaribe (Región) |
|
| 700 | 1 | _aGonzález, Raymundo | |
| 700 | 1 |
_aHernández Mella, Rocío _4ed. |
|
| 710 | 2 | _a Facultad Latinoamericana de Ciencias Sociales (República Dominicana) | |
| 710 | 2 | _aPrograma de Promoción de la Reforma Educativa de América Latina y el Caribe | |
| 910 | _aVMateo V./Validado | ||
| 930 | 1 |
_l _m _8 _f _p _g _h |
|
| 930 | 1 |
_l _m _8 _f _p _g |
|
| 930 | 1 |
_l _m _8 _f _p _g _h |
|
| 942 |
_2ddc _cBK |
||
| 945 | _a Inventariado / 2017 VM | ||
| 956 |
_a _b _c _l _h |
||
| 999 |
_c7416 _d7416 |
||